|
|
|
|
| LEADER |
00000cam a2200000 4500 |
| 001 |
vtls011857321 |
| 003 |
SK-MaSNL |
| 005 |
20260302022148.0 |
| 008 |
190321s2019 xo o grf 000 0 slo |
| 015 |
|
|
|a SNBA2019/04
|
| 020 |
|
|
|a 9788097299149
|q (brožované)
|
| 040 |
|
|
|a SNK
|b slo
|c SNK
|e rda
|
| 041 |
0 |
|
|a slo
|
| 044 |
|
|
|a xo
|c SK
|
| 072 |
|
7 |
|a 641
|x Kuchárstvo. Potraviny. Varené jedlá
|2 konspekt
|
| 080 |
|
|
|a 641.55
|2 2011
|
| 080 |
|
|
|a 641.827
|2 2011
|
| 080 |
|
|
|a 613.2
|2 2011
|
| 080 |
|
|
|a (083.12)
|2 2011
|
| 100 |
1 |
|
|a Urbančoková, Lucia
|4 aut
|9 366027
|
| 245 |
1 |
0 |
|a Rýchlo, zdravo a chutne
|p Polievky
|c Lucia Urbančoková, Richard Tomasch ; motivačné fotografie: Jozef Kadela
|
| 246 |
3 |
0 |
|a Polievky
|
| 264 |
|
1 |
|a [Košice]
|b LRfit, s.r.o.
|c 2019
|
| 300 |
|
|
|a 111 strán
|b farebné fotografie
|c 21 cm
|
| 336 |
|
|
|a text
|b txt
|2 rdacontent
|
| 336 |
|
|
|a statický obraz
|b sti
|2 rdacontent
|
| 337 |
|
|
|a bez média
|b n
|2 rdamedia
|
| 338 |
|
|
|a zväzok
|b nc
|2 rdacarrier
|
| 500 |
|
|
|a Názov z obalu
|
| 500 |
|
|
|a Miesto vydania podľa NA ISBN
|
| 500 |
|
|
|a Hrebeňová väzba
|
| 650 |
0 |
7 |
|a jedlá
|2 SNKPH
|
| 650 |
0 |
7 |
|a polievky
|2 SNKPH
|9 51106
|
| 650 |
0 |
7 |
|a zdravá výživa
|2 SNKPH
|9 66259
|
| 650 |
0 |
7 |
|a Meals
|2 SNKPHeng
|9 311382
|
| 650 |
0 |
7 |
|a Soups
|2 SNKPHeng
|9 358496
|
| 650 |
0 |
7 |
|a Healthy eating
|2 SNKPHeng
|9 267865
|
| 655 |
|
7 |
|a kuchárske recepty
|2 SNKPH
|9 70493
|
| 655 |
|
7 |
|a Cookbooks
|2 SNKPHeng
|9 270340
|
| 700 |
1 |
|
|a Tomasch, Richard
|4 aut
|9 438630
|
| 700 |
1 |
|
|a Kadela, Jozef
|c (fotograf)
|4 pht
|9 163205
|
| 919 |
|
|
|a 978-80-972991-4-9
|
| 999 |
|
|
|c 1031721
|d 1033651
|
| 952 |
|
|
|a SNK
|b SNK
|y PREZ
|7 0
|p 17A1361653
|o snkSC 183438
|i snk2019/7903
|8 0
|0 0
|1 0
|4 0
|d 2019-03-21
|l 0
|r 2026-02-24 13:57:00
|w 2026-02-24
|
| 952 |
|
|
|a SNK
|b SNK
|y PREZ
|7 0
|p 17A1361654
|o snkSC 183438 D1
|i snk2019/7904
|8 0
|0 0
|1 0
|4 0
|d 2019-03-21
|l 0
|r 2026-02-24 13:57:01
|w 2026-02-24
|